Sử dụng Microsoft Access 2.0; T2
Αποθηκεύτηκε σε:
| Κύριος συγγραφέας: | |
|---|---|
| Μορφή: | Βιβλίο |
| Γλώσσα: | Undetermined |
| Έκδοση: |
Tp. HCM
Trẻ
1995
|
| Θέματα: | |
| Ετικέτες: |
Προσθήκη ετικέτας
Δεν υπάρχουν, Καταχωρήστε ετικέτα πρώτοι!
|
| Thư viện lưu trữ: | Trung tâm Học liệu Trường Đại học Cần Thơ |
|---|
| LEADER | 00548nam a2200181Ia 4500 | ||
|---|---|---|---|
| 001 | CTU_40151 | ||
| 008 | 210402s9999 xx 000 0 und d | ||
| 082 | |a 005.8 | ||
| 082 | |b H513/T2 | ||
| 100 | |a Đặng Duy Hùng | ||
| 245 | 0 | |a Sử dụng Microsoft Access 2.0; T2 | |
| 245 | 0 | |c Đặng Duy Hùng | |
| 260 | |a Tp. HCM | ||
| 260 | |b Trẻ | ||
| 260 | |c 1995 | ||
| 650 | |a access ( computer program language ),database management - computer programs | ||
| 904 | |i Minh, 010205 | ||
| 980 | |a Trung tâm Học liệu Trường Đại học Cần Thơ | ||